000 00415 a2200157 4500
003 OSt
005 20250401152545.0
008 250401b |||||||| |||| 00| 0 eng d
020 _a9780143037835
040 _ctbs
050 _aHC102.5 CHO
245 _a2006 Edition
260 _c2005
773 0 _w2092
_aChouinard, Yvon
_tLet my people go surfing
_dNew York, NY : Penguin Books, 2016.
_z9780143109679
942 _2lcc
999 _c4623
_d4623